<?xml version="1.0" encoding="UTF-8"?>
<marc:record xmlns:marc="http://www.loc.gov/MARC21/slim">
   <marc:leader>00000nam a2200000 a 4500</marc:leader>
   <marc:datafield ind1="1" ind2=" " tag="100">
      <marc:subfield code="a">Schliewen, Ulrich</marc:subfield>
      <marc:subfield code="4">aut</marc:subfield>
      <marc:subfield code="e">Verfasser/-in</marc:subfield>
   </marc:datafield>
   <marc:datafield ind1=" " ind2=" " tag="653">
      <marc:subfield code="a">Aquarienfische</marc:subfield>
   </marc:datafield>
   <marc:datafield ind1=" " ind2=" " tag="653">
      <marc:subfield code="a">Aquarium</marc:subfield>
   </marc:datafield>
   <marc:datafield ind1=" " ind2=" " tag="653">
      <marc:subfield code="a">Aquarienfische buch von a bis z züchten für anfänger gesund ernähren lexikon gu</marc:subfield>
   </marc:datafield>
   <marc:datafield ind1=" " ind2=" " tag="653">
      <marc:subfield code="a">aquarium fische züchten zierfische zierfischlexikon aquaguide aquaristik</marc:subfield>
   </marc:datafield>
   <marc:datafield ind1=" " ind2=" " tag="653">
      <marc:subfield code="a">fische halten akwarium kleine aquarien große aquarium fische</marc:subfield>
   </marc:datafield>
   <marc:datafield ind1=" " ind2=" " tag="653">
      <marc:subfield code="a">friedliche hübsche guppy arten liste zierfischdatenbank fische zuhause</marc:subfield>
   </marc:datafield>
   <marc:datafield ind1=" " ind2=" " tag="653">
      <marc:subfield code="a">mini aquarium fische krankheiten zierfische süßwasser lexikon zuchtfische arten</marc:subfield>
   </marc:datafield>
   <marc:datafield ind1=" " ind2=" " tag="653">
      <marc:subfield code="a">Softcover / Ratgeber/Natur/Hobbytierhaltung</marc:subfield>
   </marc:datafield>
   <marc:datafield ind1=" " ind2=" " tag="653">
      <marc:subfield code="a">Wörterbuch</marc:subfield>
   </marc:datafield>
   <marc:datafield ind1="0" ind2="0" tag="245">
      <marc:subfield code="a">Aquarienfische von A bis Z</marc:subfield>
   </marc:datafield>
   <marc:datafield ind1="0" ind2="0" tag="245">
      <marc:subfield code="c">Ulrich Schliewen</marc:subfield>
   </marc:datafield>
   <marc:datafield ind1=" " ind2="1" tag="264">
      <marc:subfield code="a">München</marc:subfield>
      <marc:subfield code="b">Gräfe und  Unzer Verlag GmbH</marc:subfield>
      <marc:subfield code="c">2017</marc:subfield>
   </marc:datafield>
   <marc:datafield ind1=" " ind2=" " tag="250">
      <marc:subfield code="a">Aktualisierte Neuausgabe, 1. Auflage</marc:subfield>
   </marc:datafield>
   <marc:datafield ind1="1" ind2=" " tag="520">
      <marc:subfield code="a">Angaben aus der Verlagsmeldung

Aquarienfische von A bis Z : Über 300 beliebte Süßwasserfische im Porträt. Plus: Fische fürs Nano-Aquarium, Garnelen &amp; Co. / von Ulrich Schliewen

Ob Jung oder Alt, Anfänger oder Fortgeschrittene: Aquarianer liebäugeln immer wieder mit neuen Fischarten. Denn die tropischen Süßwasserfische mit ihren schillernden Farben und faszinierenden Verhaltensweisen machen das Aquarium zum spannenden Naturerlebnis. Doch das sollte nicht dazu verführen, zu viele Fische in ein Becken zu setzen oder gar Fische zu vergesellschaften, die unterschiedliche Ansprüche haben. Der Fische-Experte Dr. Ulrich Schliewen bietet im Großen GU Kompass Aquarienfische von A bis Z kompaktes Wissen zu rund 300 Fischarten - Einsteiger gerecht sortiert nach deutschen Artnamen. Jedes Fisch-Porträt beinhaltet alle wichtigen Infos - von der Lebensweise in der Natur, über die Haltungsansprüche im Aquarium bis hin zu Pflege- und Vergesellschaftungstipps. Farbige Buttons zeigen auf einen Blick die benötigte Beckengröße und Wassertemperatur. In einem Extra-Kapitel werden die beliebtesten Garnelen, Krebse, Krabben und Schnecken fürs Aquarium in Porträts vorgestellt.
</marc:subfield>
   </marc:datafield>
   <marc:datafield ind1=" " ind2=" " tag="020">
      <marc:subfield code="a">9783833855788</marc:subfield>
      <marc:subfield code="9">9783833855788</marc:subfield>
   </marc:datafield>
   <marc:datafield ind1=" " ind2=" " tag="020">
      <marc:subfield code="a">3833855789</marc:subfield>
      <marc:subfield code="9">3833855789</marc:subfield>
   </marc:datafield>
   <marc:datafield ind1=" " ind2=" " tag="041">
      <marc:subfield code="a">ger</marc:subfield>
   </marc:datafield>
   <marc:datafield ind1=" " ind2=" " tag="300">
      <marc:subfield code="a">256 Seiten</marc:subfield>
   </marc:datafield>
</marc:record>
